00270nam a22000977a 4500008004100000041000800041080001000049100000600059101001100065245009600076180515b xxu||||| |||| 00| 0 eng d aeng a043.3 a0 aMBE-MA aImpakti i Vleresimit te Performances ne Ngritjen e Cilesise ne Sektorin PublikcDurmishi, E